| 000 | 01850nam a2200361 c 4500 | ||
|---|---|---|---|
| 003 | BLK | ||
| 005 | 20180422093000.0 | ||
| 008 | 180412b bul|||||r ||||||| ||bul|| | ||
| 010 | _aKNG00002004000 | ||
| 020 |
_a954-416-073-6 _bиздат.: Век 22 |
||
| 040 | _aBLK | ||
| 041 |
_aBUL _cBUL |
||
| 080 |
_aФорми на предприятията в зависимост от отношението към собствеността... _b334.72 _x.008(075) _z334.72.008(075) |
||
| 080 |
_aМетоди на управление. Мениджмънт. Анализи, планиране, ръководство, сътрудничество, контрол, коопериране и др. _b005.5 _x(075) _z005.5(075) |
||
| 700 | 1 |
_aДимитров, Димитър _eсъстав. _9363351 |
|
| 700 | 1 |
_aПавлов, Павлин _eпрев. от англ. _9243754 |
|
| 139 |
_aСобствен бизнес и предприемачество _bС 49 |
||
| 245 | 1 | 0 |
_aСобствен бизнес и предприемачество _bУч. помагало _cсъстав. Димитър Димитров; прев. от англ. Павлин Павлов. |
| 257 | _aBGR | ||
| 260 |
_аСофия _bВек 22 _c1994 _fВарна : Бряг-принт |
||
| 300 |
_a135 с. _bс табл., сх. _c24 см |
||
| 380 | _a3 | ||
| 500 | _aДруги прев. и адапт.: В. Димитрова, Г. Кутиев. - 2 530 тир. | ||
| 650 | 4 |
_aФирми - организация и управление - учебни помагала _9243755 |
|
| 650 | 4 |
_aУправление - фирми - учебни помагала _9243756 |
|
| 653 | _aбизнес | ||
| 653 | _aпредприемачество | ||
| 852 | _aЦб 178464 | ||
| 856 | 4 |
_qpdf _u |
|
| 856 | 4 |
_qpdf _u |
|
| 942 |
_cKNG _n0 |
||
| 944 |
_aCR _c15.01.2003 _kКети_Илиева |
||
| 944 |
_aED _c16.11.2012 _k |
||
| 999 |
_c1202 _d1202 |
||